000 01459cam a2200325 i 4500
999 _c3459
_d3459
001 (Sirsi) a1046144
003 OSt
005 20240122144319.0
008 190304t20142014nyu c 000 1 eng d
020 _a9780545519830
_q(paperback) :
040 _aCHA
_beng
_cTAE
_erda
_dKH8
042 _anbic
082 0 _a813.54 HOL
100 1 _aHolub, Joan,
_eauthor.
245 1 0 _aCinderella stays late /
_cJoan Holub & Suzanne Williams.
264 1 _aNew York :
_bScholastic Inc.,
_c[2014]
264 4 _c©2014.
300 _a183 pages ;
_c20 cm.
336 _atext
_btxt
_2rdacontent.
337 _aunmediated
_bn
_2rdamedia.
338 _avolume
_bnc
_2rdacarrier.
490 0 _aGrimmtastic girls ;
_v1.
520 _aA Grimmtastic girl named Cinderella is starting her first week at Grimm Academy on the wrong foot. Cinda's totally evil stepsisters are out to make her life miserable. The Steps tease Cinda, give her terrible advice about life at the academy, and even make her look bad in front of her new friends, Red, Snow, and Rapunzel! But when Cinda overhears the Steps plotting a villainous deed that could ruin Prince Awesome's ball, Cinda, her new friends, and a pair of magical glass slippers have to stop them--before the last stroke of midnight!
521 1 _aAges 8-12.
650 0 _aFairy tales
_vFiction.
650 0 _aStepsisters
_vFiction.
650 0 _aSchools
_vFiction.
700 1 _aWilliams, Suzanne,
_eauthor.
942 _2ddc
_cFIC